|
|
|
|
| LEADER |
00753cam a2200217 7i4500 |
| 001 |
0000027372 |
| 005 |
20170218090000.0 |
| 008 |
100127 eng |
| 020 |
|
|
|a 9780816050918 (pbk.)
|
| 040 |
|
|
|a OhCoOLI
|
| 090 |
0 |
0 |
|a GV734
|b .F57 2004
|
| 100 |
1 |
|
|a Fleld, Shelly
|
| 245 |
0 |
0 |
|a Career opportunities in the sports industry
|c Shelly Fleld.
|
| 250 |
|
|
|a 3rd ed.
|
| 260 |
|
|
|a New York, N.Y.:
|b Checkmark Books,
|c 2004.
|
| 300 |
|
|
|a 322 p.:
|b ill.;
|c 25 cm.
|
| 500 |
|
|
|a Includes bibliographical references and index
|
| 650 |
0 |
0 |
|a Sport --
|x Vocational guidance --
|z United States
|
| 997 |
|
|
|a Business & Accountancy, Faculty
|
| 998 |
|
|
|a Sport Management Industry, Diploma
|
| 999 |
|
|
|a 0000036982
|b BOK
|c OPEN SHELF
|e 1st Floor, Shah Alam
|